000 00641nam a2200241 i 4500
001 C2-0286175
003 PPAK
005 20180728015706.0
008 080117s2007 nyu |||| ||||| | eng d
020 _a9780814472477
040 _aPPAK
_beng
_cPPAK
_erda
082 0 4 _a650.11
_223
090 0 0 _a650.11
_bTRA
_dLCK
100 1 _aTracy, Brain,
_eauthor
245 1 0 _aTime power
264 1 _aNew York :
_bAmerican Management Association ,
_c2007
300 _avii, 296 pages ;
_c23 cm
336 _2rdacontent
_atext
337 _2rdamedia
_aunmediated
338 _2rdacarrier
_avolume
650 1 0 _aTime management.
942 _ddc
_cB
999 _c91964
_d91964